| 000 | 00345nam a22001337a 4500 | ||
|---|---|---|---|
| 008 | 250411b |||||||| |||| 00| 0 eng d | ||
| 020 | _a9788120331686 | ||
| 050 |
_aJF1601 _b.M55 |
||
| 100 | _aMILLER T. Hugh | ||
| 245 | _aPost Modern Public Administration | ||
| 260 |
_aIndia _bPrentice-Hall of India _c2007 |
||
| 300 | _axiii, 157p. | ||
| 942 | _cBK | ||
| 999 |
_c2929 _d2929 |
||